000 00490nam a2200169 a 4500
001 000039716
005 20201002033709.0
008 130717s1972 xxu 000 0 spa d
020 _a0805208941
040 _aDO-SdBNP
_bspa
_cBNPHU
082 _axxx
100 1 _aMétraux, Alfred
_965911
245 1 0 _aVoodoo in Haiti /
_cAlfred Métraux ; traducido Hugo Charteirs.
260 _aNew York :
_bSchocken books,
_c1972.
300 _a400 p. ;
_c21 cm.
700 1 _aCharteirs, Hugo
_etr.
_965912
999 _c39206
_d39206